Score 0/26 Timer 04:00
1 Play Today
Movie Missing Name % Correct
_____ PanPeter
95.5%
Thelma & _______Louise
93.5%
_____ BrockovichErin
90.8%
_____ TwistOliver
85.8%
Me, Myself & _____Irene
84.1%
_____ DarkoDonnie
82.4%
_____ DynamiteNapoleon
80.9%
_____ ElliotBilly
78.2%
The ____ Crown AffairThomas
77%
______ & GromitWallace
76.9%
_____ LittleStuart
74.8%
The Madness of King ____George
65.6%
Benny & _____Joon
61%
Movie Missing Name % Correct
____ & Miri Make a PornoZack
55.9%
Vicky _____ BarcelonaCristina
55.8%
_____ & MaudeHarold
55.2%
_____ & JohnnyFrankie
52.2%
_____ Must DieRomeo
50.9%
____ BearYogi
49.1%
_____ Blue EyesMickey
47.9%
We Need to Talk About _____Kevin
40.2%
Hercules & _____Xena
26.1%
The Young _____Victoria
25.4%
_____ GoldUlee's
20.4%
_____ DurwardQuentin
18.4%
Young _____Adam
13.3%

Today's Daily Dose

Missing Word
'Song' Songs (A-Z)

Word Ladder
Nervous System

Get the Picture
NFL Bird Teams

Remove Ads.
Support Sporcle.
Get the best of Sporcle when you Go Orange. This ad-free experience offers more features, more stats, and more fun while also helping to support Sporcle. Thank you for becoming a member.

You're not logged in!

Compare scores with friends on all Sporcle quizzes.
OR
Log In

Sporcle TV

Today on Sporcle TV


Watch our educational content, quiz creation guides, and fun videos on Sporcle TV.

Show Comments

Extras

Top Quizzes Today


Score Distribution

Paid Content

Your Account Isn't Verified!

In order to create a playlist on Sporcle, you need to verify the email address you used during registration. Go to your Sporcle Settings to finish the process.

Report this User

Report this user for behavior that violates our Community Guidelines.

Details: